Innovative Models to Revive the Global Economy (Record no. 15636)

MARC details
000 -LEADER
fixed length control field 00660nam a2200121Ia 4500
008 - FIXED-LENGTH DATA ELEMENTS--GENERAL INFORMATION
fixed length control field 220615s9999||||xx |||||||||||||| ||und||
245 #0 - TITLE STATEMENT
Title Innovative Models to Revive the Global Economy
Remainder of title Proceedings of the 3rd International Conference on Economics and Social Sciences
546 ## - LANGUAGE NOTE
Language note English[eng]
650 ## - SUBJECT ADDED ENTRY--TOPICAL TERM
Topical term or geographic name entry element Business and Economics, Business Management, Management Accounting, Financial Controlling, Cost Calculation, Investment, Business Development, Change Management, Cooperation, Industries, Public Sector, Public Private Partnerships, Public Administration
700 ## - ADDED ENTRY--PERSONAL NAME
Personal name Dima, Alina Mihaela
856 ## - ELECTRONIC LOCATION AND ACCESS
Uniform Resource Identifier <a href="https://doi.org/10.2478/9788395815072">https://doi.org/10.2478/9788395815072</a>
942 ## - ADDED ENTRY ELEMENTS (KOHA)
Koha item type E-Books
Holdings
Withdrawn status Lost status Damaged status Not for loan Home library Current library Date acquired Total Checkouts Date last seen Price effective from Koha item type
        Kerala University of Digital Sciences, Innovation and Technology Knowledge Centre Kerala University of Digital Sciences, Innovation and Technology Knowledge Centre 15/06/2022   15/06/2022 15/06/2022 E-Books